Normal view
MARC view
- Gul, Ayesha
Entry Personal Name
001 - CONTROL NUMBER
- control field: 4769
003 - CONTROL NUMBER IDENTIFIER
- control field: NUST
005 - DATE AND TIME OF LATEST TRANSACTION
- control field: 20170921153015.0
008 - FIXED-LENGTH DATA ELEMENTS
- fixed length control field: 170921|| aca||aabn | a|a d
040 ## - CATALOGING SOURCE
- Original cataloging agency: NUST
- Transcribing agency: NUST
100 ## - HEADING--PERSONAL NAME
- Personal name: Gul, Ayesha
670 ## - SOURCE DATA FOUND
- Source citation: Work cat.: (NUST): Gul, Ayesha, How Significant are Administered Prices In Inflationary Spiral of Pakistan, 2012
